| 000 | 00541nam a2200193Ia 4500 | ||
|---|---|---|---|
| 005 | 20250923145103.0 | ||
| 008 | 008 250917s9999 xx 000 0 eng d | ||
| 037 | _aTextual | ||
| 040 |
_aDSWL _beng _cDSWL |
||
| 041 |
_aeng _2eng |
||
| 084 |
_aY;52.4.N6x, K7 _qDSWL |
||
| 245 | 0 |
_aAsia's population problems _cEd.by S. Chanrasekhar |
|
| 260 |
_aBombay _bAllied Publiers _c1967 |
||
| 300 | _axxxii,502 p. | ||
| 365 |
_aINR _b40 |
||
| 925 | _g40 | ||
| 942 |
_cTEXL _hY;52.4.N6x, K7 |
||
| 999 |
_c1446919 _d1446919 |
||